Nhà máy sản xuất niềm vui

Sách "qua những bài viết nhỏ, người đọc sẽ cảm nhận hạnh phúc thật giản đơn, không có gi phức tập, khó khăn để phải tìm kiếm ở một nơi nào đó xa xôi, khi ta biết học cách cho đi và buông xả, sống chánh niệm với những giây phút hiện...

Descrición completa

Gardado en:
Detalles Bibliográficos
Autor Principal: Nguyễn Mạnh Hùng
Formato: Libro
Idioma:Vietnamese
Publicado: H. Lao động 2017
Những chủ đề:
Các nhãn: Engadir etiqueta
Sen Etiquetas, Sexa o primeiro en etiquetar este rexistro!
Thư viện lưu trữ: Thư viện Trường Đại học Nam Cần Thơ
LEADER 01553nam a22002297a 4500
001 NCT_54827
008 181105b xxu||||| |||| 00| 0 vie d
999 |c 2636  |d 2636 
020 |c 45000 
082 0 4 |2 23rd ed.  |a 294.3444  |b H513 
100 1 |a Nguyễn Mạnh Hùng 
245 1 0 |a Nhà máy sản xuất niềm vui  |c Nguyễn Mạnh Hùng 
260 |a H.  |b Lao động  |c 2017 
300 |a 158 tr.  |c 19cm 
520 3 |a Sách "qua những bài viết nhỏ, người đọc sẽ cảm nhận hạnh phúc thật giản đơn, không có gi phức tập, khó khăn để phải tìm kiếm ở một nơi nào đó xa xôi, khi ta biết học cách cho đi và buông xả, sống chánh niệm với những giây phút hiện tại bây giờ và tại đây" 
653 |a Tham khảo 
942 |2 ddc  |c BK 
952 |0 0  |1 0  |2 ddc  |4 0  |6 294_344400000000000_H513  |7 0  |9 14805  |a 000001  |b 000001  |d 2018-11-05  |o 294.3444 H513  |p TK.00493  |r 2018-11-05  |v 45000.00  |w 2018-11-05  |y BK 
952 |0 0  |1 0  |2 ddc  |4 0  |6 294_344400000000000_H513  |7 0  |9 14806  |a 000001  |b 000001  |d 2018-11-05  |o 294.3444 H513  |p TK.00495  |r 2018-11-05  |v 45000.00  |w 2018-11-05  |y BK 
952 |0 0  |1 0  |2 ddc  |4 0  |6 294_344400000000000_H513  |7 0  |9 14820  |a 000001  |b 000001  |d 2018-11-05  |o 294.3444 H513  |p TK.00496  |r 2018-11-05  |v 45000.00  |w 2018-11-05  |y BK 
952 |0 0  |1 0  |2 ddc  |4 0  |6 294_344400000000000_H513  |7 0  |9 14821  |a 000001  |b 000001  |d 2018-11-05  |o 294.3444 H513  |p TK.00494  |r 2018-11-05  |v 45000.00  |w 2018-11-05  |y BK 
980 |a Thư viện Trường Đại học Nam Cần Thơ